Psychológia osobnosti

Saved in:
Bibliographic Details
Main Author Čerešník, Michal
Format Electronic eBook
LanguageCzech
Published Grada SK 2025
Edition1. elektronické vydání
Subjects
Online AccessDostupné v BOOKPORT po přihlášení pomocí eduID
ISBN978-80-8305-020-4
978-80-8305-019-8
Physical Description1 online zdroj (160 stran)

Cover

LEADER 00000nam a2200000 i 4500
001 bkp100430
003 CZ-prgp
005 20250328123317.0
006 m o d
007 cr cn
008 250328s2025 xr o 000 0 cze
020 |a 978-80-8305-020-4  |c 436 Kč  |q (online ; pdf) 
020 |a 978-80-8305-019-8  |c 512 Kč  |q (print) 
040 |a Grada  |b cze  |e rda 
100 1 |a Čerešník, Michal 
245 1 0 |a Psychológia osobnosti  |c Michal Čerešník 
250 |a 1. elektronické vydání 
264 1 |b Grada SK  |c 2025 
300 |a 1 online zdroj (160 stran) 
336 |a text  |b txt  |2 rdacontent 
337 |a počítač  |b c  |2 rdamedia 
338 |a online zdroj  |b cr  |2 rdacarrier 
520 3 |a Sprievodca, ktorý vás prevedie labyrintom najvýznamnejších poznatkov o ľudskej osobnosti. Čo je osobnosť? Ako to, že si uvedomujeme samých seba? Či už ste študent, odborník v oblasti duševného zdravia alebo zvedavý človek, táto kniha vám poskytne solídny základ pre pochopenie komplexnosti ľudskej osobnosti. 
650 0 4 |a Psychologie 
650 0 4 |a Psychologie odborná 
650 0 4 |a Psychologie pro každého 
856 4 0 |u https://www.bookport.cz/AccountSaml/SignIn/?idp=https://shibboleth.utb.cz/idp/shibboleth&returnUrl=/kniha/psychologia-osobnosti-14700/  |y Dostupné v BOOKPORT po přihlášení pomocí eduID